000 00542nam a2200169 i 4500
001 52474
003 ES-MaACL
005 20230906162604.0
007 t|
008 030829s1969 sp ||||1| spa d
100 1 _aDavid, René.
_942884
245 1 4 _aLos grandes sistemas jurídicos contemporáneos
_b: (derecho comparado) /
_cRené David ; traducción por Pedro Bravo Gala.
260 _a[Madrid] :
_bAguilar,
_c[1969]
300 _aXXIII, 466 p. ;
_c24 cm.
700 1 _aBravo Gala, Pedro.
_931483
852 _aES-MaACL
_jC-35784
_bR.68901
999 _c52474
_d52474